01374cam a22003375a 4500001001000000003000400010005001700014008004100031020002500072020002200097040004000119082002100159245007100180246002900251250003200280260004600312300004100358490002500399500002500424500002400449504004100473650003200514650004100546651001000587653004700597700005500644942002100699999001700720952015800737952014100895016561154OSt20151026105816.0120405t2012 nyua frb 001 0 eng d a9780071792776 (pbk.) a0071792775 (pbk.) aStDuBDSbengcStDuBDSdUkdEG-ScBUE04a612.015222bHAR00aHarper's illustrated biochemistry /bRobert K. Murray ... [et al.]30aIllustrated biochemistry a29th ed., International ed. aNew York :bMcGraw-Hill Medical,cc.2012. axii, 818 p. :bill. (col.) ;c28 cm.0 aA Lange medical book aIncludes appendixes. aIndex : p. 777-818. aIncludes bibliographical references. 7aBiochemistry.9183682BUEsh 7aClinical biochemistry.9366282BUEsh 2BUEsh bPPhrmcNovember2014cJune2015cOctober20151 aMurray, Robert K.q(Robert Kincaid),d1932-936629 2ddck612.015 HAR c18655d18627 00102ddc40708BaccahaMAINbMAINc1STd2014-11-20epurchaseg131.00h20677l3m10o612.015 HARp000037038r2025-07-15 00:00:00s2019-10-15v163.75yBB 00102ddc40708AlahramaMAINbMAINc1STd2015-06-29ePurchaseg170.00h307l0o612.015 HARp000039212r2025-07-15 00:00:00v212.50yBB